[Event "OBEM 2015"]
[Site "Germany , Bremen"]
[Date "2015.03.30"]
[Round "4.40"]
[White "Zimmermann, Erik"]
[Black "Krueger, Gerhard"]
[Result "1-0"]
[WhiteElo "1655"]
[BlackElo "1398"]
[PlyCount "53"]

1. e4 c5 2. Nf3 Nc6 3. Nc3 g6 4. Be2 Bg7 5. d3 Nf6 6. Bg5 O-O 7. O-O d6 8. h3
Bd7 9. Qd2 Nd4 10. Bh6 Nxf3+ 11. Bxf3 e5 12. Bxg7 Kxg7 13. Qg5 Ng8 14. Qg3 Nf6
15. Be2 Kh8 16. f4 Qe7 17. fxe5 dxe5 18. Qf2 Kg7 19. Qg3 Rac8 20. Rf2 Rc6 21.
h4 Kh8 22. Raf1 a6 23. Qg5 Ng8 24. Qxe7 Nxe7 25. Rxf7 Rxf7 26. Rxf7 Re6 27. Bg4
1-0

[Event "OBEM 2015"]
[Site "Germany , Bremen"]
[Date "2015.03.30"]
[Round "4.41"]
[White "Schoenfeld, Fynn"]
[Black "Kollars, Michael"]
[Result "0-1"]
[WhiteElo "883"]
[BlackElo "1632"]
[PlyCount "62"]

1. d4 c5 2. Nc3 cxd4 3. Qxd4 Nc6 4. Qd2 g6 5. b3 Bg7 6. Bb2 Nf6 7. Nf3 d6 8.
Nd4 O-O 9. e3 a6 10. Be2 Nxd4 11. Qxd4 Nh5 12. Qd2 Nf6 13. O-O b5 14. a4 Ne4
15. Qd3 Nc5 16. Qd2 b4 17. Nd1 a5 18. Bxg7 Kxg7 19. Bf3 Rb8 20. Nb2 Ba6 21.
Rfd1 Ne6 22. Nc4 Bxc4 23. bxc4 Qc7 24. Bd5 Kg8 25. Rdb1 Qc5 26. Qd3 Ng7 27. e4
e6 28. h3 exd5 29. Qxd5 Qxd5 30. exd5 Rbc8 31. f4 Rxc4 0-1

[Event "OBEM 2015"]
[Site "Germany , Bremen"]
[Date "2015.03.30"]
[Round "4.21"]
[White "Rau, Nikita"]
[Black "Quass, Michael"]
[Result "1-0"]
[WhiteElo "1939"]
[BlackElo "1779"]
[PlyCount "45"]

1. e4 c6 2. d3 d5 3. Nd2 dxe4 4. Nxe4 Nd7 5. Nf3 Ngf6 6. Bg5 e6 7. Qd2 Be7 8.
O-O-O Nd5 9. Kb1 Bxg5 10. Nd6+ Kf8 11. Nxg5 Ne5 12. Nc4 Qc7 13. f4 Nxc4 14.
dxc4 Nf6 15. Nf3 Ke7 16. Bd3 Re8 17. g4 g6 18. f5 exf5 19. gxf5 Kf8 20. Qh6+
Kg8 21. Rhg1 Ne4 22. Bxe4 Rxe4 23. f6 1-0

[Event "OBEM 2015"]
[Site "Germany , Bremen"]
[Date "2015.03.30"]
[Round "4.23"]
[White "Lubbe, Alexander"]
[Black "Schwenke, Stefan"]
[Result "1-0"]
[WhiteElo "1905"]
[BlackElo "1742"]
[PlyCount "65"]

1. c4 g6 2. Nf3 e6 3. d4 d5 4. Nc3 Bg7 5. Bg5 Ne7 6. Bxe7 Qxe7 7. cxd5 c6 8.
dxc6 Nxc6 9. e3 O-O 10. Bb5 Rd8 11. O-O a6 12. Bxc6 bxc6 13. Qc2 c5 14. dxc5
Qxc5 15. Qb3 Bd7 16. Rfd1 Bb5 17. Nxb5 Qxb5 18. Qxb5 Rxd1+ {(=)} 19. Rxd1 axb5
20. b3 Rxa2 21. Rd8+ Bf8 22. g4 Kg7 23. Rd7 Rb2 24. Ng5 Kg8 25. Nxf7 Rxb3 26.
Ng5 Rb1+ 27. Kg2 Ba3 28. Nxe6 b4 29. Rg7+ Kh8 30. Rf7 b3 31. Ra7 Kg8 32. Rxa3
b2 33. Rb3 1-0

[Event "OBEM 2015"]
[Site "Germany , Bremen"]
[Date "2015.03.30"]
[Round "4.6"]
[White "Jung, Gerald"]
[Black "Buescher, Andre"]
[Result "1/2-1/2"]
[WhiteElo "1953"]
[BlackElo "2076"]
[PlyCount "41"]

1. e4 c5 2. Nf3 Nc6 3. d4 cxd4 4. Nxd4 Nf6 5. Nc3 e6 6. Ndb5 Bb4 7. Bf4 O-O 8.
Bc7 Qe7 9. Bd6 Bxd6 10. Qxd6 Qd8 11. O-O-O Qb6 12. Qg3 d5 13. exd5 exd5 14. Nc7
Rb8 15. N7xd5 Nxd5 16. Nxd5 Qa5 17. Nf6+ Kh8 18. Rd5 Qe1+ 19. Rd1 Qa5 20. Rd5
Qe1+ 21. Rd1 1/2-1/2

[Event "OBEM 2015"]
[Site "Germany , Bremen"]
[Date "2015.03.30"]
[Round "4.10"]
[White "Schwenteck, Peter"]
[Black "Kardoeus, David"]
[Result "0-1"]
[WhiteElo "1888"]
[BlackElo "2108"]
[PlyCount "78"]

1. d4 d5 2. c4 c6 3. Nf3 Nf6 4. g3 Bf5 5. Bg2 e6 6. O-O Bd6 7. c5 Bc7 8. Nc3 h6
9. b4 a6 10. a4 Nbd7 11. Qb3 e5 12. dxe5 Nxe5 13. Nd4 Qd7 14. Nxf5 Qxf5 15. Bf4
O-O 16. Rae1 Qd7 17. e4 Nd3 18. Rd1 Nxf4 19. gxf4 Bxf4 20. Ne2 Bc7 21. exd5
cxd5 22. Bh3 Qe7 23. Ng3 Qe5 24. Rfe1 Qf4 25. Qe3 Qxb4 26. Nf5 Rae8 27. Ne7+
Rxe7 28. Qxe7 Qf4 29. Bg2 Qxh2+ 30. Kf1 Qf4 31. Qe3 Qxa4 32. Qd4 Qb5+ 33. Kg1
Rd8 34. Rb1 Qc6 35. Re3 Rd7 36. Bh3 Rd8 37. Bg2 Nd7 38. Rc3 Be5 39. Qh4 Bf6 0-1

[Event "OBEM 2015"]
[Site "Germany , Bremen"]
[Date "2015.03.30"]
[Round "4.14"]
[White "Mulde, Ralf"]
[Black "Erofeev, Anastasia"]
[Result "0-1"]
[WhiteElo "2012"]
[BlackElo "1864"]
[PlyCount "76"]

1. e4 e5 2. Nf3 Nc6 3. d4 exd4 4. Nxd4 Bc5 5. Nxc6 bxc6 6. Bc4 d6 7. Nc3 Qh4 8.
Qf3 Be6 9. Bxe6 fxe6 10. O-O Qf6 11. Qd3 Ne7 12. Na4 Bb6 13. Bd2 Qd4 14. Nxb6
Qxd3 15. cxd3 axb6 16. a4 c5 17. Bc3 O-O 18. f4 Nc6 19. f5 exf5 20. exf5 d5 21.
b3 d4 22. Be1 Rf7 23. g4 Ne5 24. g5 Nxd3 25. Bg3 Nb4 26. Rae1 Nc2 27. g6 Rd7
28. Re2 Ne3 29. Rfe1 Rf8 30. Rxe3 dxe3 31. Rxe3 h6 32. Rf3 c6 33. Bh4 b5 34.
Kg2 Rd5 35. f6 gxf6 36. Bxf6 Rd6 37. Be7 Rxf3 38. Bxd6 Rxb3 0-1

[Event "OBEM 2015"]
[Site "Germany , Bremen"]
[Date "2015.03.30"]
[Round "4.16"]
[White "Boehm, Karl"]
[Black "Veit, Ingo"]
[Result "1/2-1/2"]
[WhiteElo "1859"]
[BlackElo "2001"]
[PlyCount "95"]

1. d4 g6 2. c4 f5 3. Nc3 Nf6 4. g3 Bg7 5. Bg2 d6 6. e4 fxe4 7. Nxe4 O-O 8. Ne2
Nc6 9. O-O Rb8 10. Nxf6+ Rxf6 11. Be3 Bg4 12. f3 Bd7 13. Rc1 Qe8 14. Nc3 Rf7
15. f4 e5 16. dxe5 dxe5 17. Bd5 Be6 18. fxe5 Nxe5 19. Rxf7 Bxf7 20. Bxf7+ Nxf7
21. Bf4 Rd8 22. Qf1 Bd4+ 23. Kg2 g5 24. Bxc7 Qc6+ 25. Nd5 Rd7 26. Ba5 Rxd5 27.
cxd5 Qxd5+ 28. Qf3 Qxa5 29. Rd1 Qe5 30. Rf1 Qe6 31. h3 Qxa2 32. Qxb7 Qxb2+ 33.
Qxb2 Bxb2 34. Rb1 Bd4 35. Kf3 a5 36. Ke4 Bc3 37. Rb8+ Kg7 38. Kf5 Nd6+ 39. Kxg5
Ne4+ 40. Kf4 Nf6 41. g4 Kg6 42. h4 Bd2+ 43. Kf3 h6 44. Rb5 Kf7 45. g5 hxg5 46.
hxg5 Nh7 47. Kg4 Nxg5 48. Rxa5 1/2-1/2

[Event "OBEM 2015"]
[Site "Germany , Bremen"]
[Date "2015.03.30"]
[Round "4.22"]
[White "Friesen, Walter"]
[Black "Norbach, Alexander"]
[Result "1/2-1/2"]
[WhiteElo "1764"]
[BlackElo "1928"]
[PlyCount "31"]

1. Nf3 d5 2. g3 Nf6 3. Bg2 Bf5 4. O-O c6 5. d3 e6 6. c4 Be7 7. cxd5 cxd5 8. Qb3
Qb6 9. Be3 Qa6 10. Nc3 Nc6 11. a3 O-O 12. h3 h6 13. Rac1 Rfc8 14. Qc2 b6 15. b4
Qb7 16. b5 1/2-1/2

[Event "OBEM 2015"]
[Site "Germany , Bremen"]
[Date "2015.03.30"]
[Round "4.24"]
[White "Gerken, Juergen"]
[Black "Kuenitz, Bernhard"]
[Result "0-1"]
[WhiteElo "1599"]
[BlackElo "1900"]
[PlyCount "48"]

1. d4 d5 2. c4 c6 3. Nf3 g6 4. Nc3 Bg7 5. cxd5 cxd5 6. Bf4 Nc6 7. e3 a6 8. h3
Nf6 9. Bd3 O-O 10. a3 b5 11. b4 e6 12. O-O Nd7 13. Qb3 Qe7 14. Rac1 Bb7 15. e4
Nxd4 16. Nxd4 Bxd4 17. exd5 exd5 18. Nxd5 Qe6 19. Rfe1 Qxd5 20. Qxd5 Bxd5 21.
Be4 Bxe4 22. Rxe4 Bg7 23. Rc7 Nf6 24. Ree7 Nd5 0-1

[Event "OBEM 2015"]
[Site "Germany , Bremen"]
[Date "2015.03.30"]
[Round "4.31"]
[White "Zhong, Xianghui"]
[Black "Bensmann, Jannis"]
[Result "1/2-1/2"]
[WhiteElo "1817"]
[BlackElo "841"]
[PlyCount "71"]

1. d4 d5 2. c4 c6 3. e3 Bf5 4. Nc3 Nf6 5. Nf3 h6 6. Bd2 e6 7. Be2 Bd6 8. O-O
O-O 9. a3 Nbd7 10. b4 Re8 11. Nh4 Bh7 12. f4 Ne4 13. Nf3 a6 14. c5 Bc7 15. Ne5
Bxe5 16. fxe5 f5 17. Bh5 Rf8 18. Ne2 g5 19. Be1 Kg7 20. Rf3 Bg6 21. Bxg6 Kxg6
22. Rh3 Kg7 23. Ng3 Nxg3 24. Rxg3 f4 25. exf4 Rxf4 26. Bc3 Nf8 27. Qh5 Qe8 28.
Qe2 Ng6 29. Rf1 Qf8 30. Rgf3 Qf5 31. g3 Rxf3 32. Rxf3 Qb1+ 33. Kg2 Rf8 34. Rxf8
Kxf8 35. Qf2+ Ke8 36. Qf3 1/2-1/2

[Event "OBEM 2015"]
[Site "Germany , Bremen"]
[Date "2015.03.30"]
[Round "4.32"]
[White "Scheidt, Mike Niklas"]
[Black "Jantzen, Ludwig"]
[Result "1-0"]
[WhiteElo "1363"]
[BlackElo "1965"]
[PlyCount "45"]

1. e4 c6 2. d4 d5 3. e5 Bf5 4. Ne2 e6 5. Ng3 Bg6 6. h4 h6 7. Bd3 Bxd3 8. Qxd3
Nd7 9. c3 Qc7 10. h5 c5 11. Be3 cxd4 12. cxd4 Qb6 13. Qd2 Bb4 14. Nc3 Rc8 15.
O-O Qd8 16. f4 Ne7 17. f5 exf5 18. Nxf5 Nxf5 19. Rxf5 O-O 20. Bxh6 gxh6 21.
Qxh6 Rc6 22. Rg5+ Rg6 23. hxg6 1-0

[Event "OBEM 2015"]
[Site "Germany , Bremen"]
[Date "2015.03.30"]
[Round "4.38"]
[White "Scheunemann, Daniel"]
[Black "Sommer, Andreas"]
[Result "0-1"]
[WhiteElo "1361"]
[BlackElo "1723"]
[PlyCount "66"]

1. d4 d5 2. c4 c6 3. Nc3 Nf6 4. Nf3 dxc4 5. e4 Bg4 6. Bxc4 Bxf3 7. gxf3 e6 8.
Be3 Be7 9. Qd2 b5 10. Bd3 a6 11. O-O-O Nbd7 12. e5 Nd5 13. Rhg1 Nxe3 14. Qxe3
g6 15. Ne4 Nb6 16. Bc2 a5 17. Qf4 Nd5 18. Qh6 Bf8 19. Nd6+ Qxd6 20. exd6 Bxh6+
21. Kb1 Bf4 22. a4 Bxh2 23. Rge1 Kd7 24. axb5 cxb5 25. Bd3 b4 26. Rc1 Rhc8 27.
Be4 Kxd6 28. Rh1 Rxc1+ 29. Kxc1 Bf4+ 30. Kb1 h5 31. Kc2 a4 32. Ra1 h4 33. Kd3
h3 0-1

[Event "OBEM 2015"]
[Site "Germany , Bremen"]
[Date "2015.03.30"]
[Round "4.30"]
[White "Torkler, Wolfgang"]
[Black "Koerber, Uwe"]
[Result "0-1"]
[WhiteElo "1399"]
[BlackElo "1832"]
[PlyCount "42"]

1. Nf3 d5 2. g3 c6 3. Bg2 f5 4. b3 Nf6 5. Bb2 e6 6. d3 Bd6 7. Nbd2 O-O 8. e3
Nbd7 9. h3 e5 10. Qe2 a5 11. a3 Qe7 12. O-O b6 13. c4 Ba6 14. Rfc1 Nc5 15. Ne1
Rae8 16. d4 exd4 17. Bxd4 f4 18. Qf3 fxg3 19. fxg3 Nfe4 20. Qd1 Nxd2 21. Qxd2
Nxb3 0-1

[Event "OBEM 2015"]
[Site "Germany , Bremen"]
[Date "2015.03.30"]
[Round "4.42"]
[White "Mayland, Jannis"]
[Black "Burblies, Andreas"]
[Result "0-1"]
[WhiteElo "822"]
[BlackElo "1604"]
[PlyCount "74"]

1. d4 d5 2. Bf4 Nf6 3. Nc3 g6 4. e3 c6 5. Qd2 Bg7 6. Bd3 O-O 7. f3 Be6 8. Nge2
Nbd7 9. O-O-O c5 10. Bb5 c4 11. e4 a6 12. Bxd7 Qxd7 13. e5 Ne8 14. g4 b5 15.
Ng3 b4 16. Nce2 Qa4 17. Kb1 Qb5 18. h4 c3 19. Qc1 a5 20. h5 Nc7 21. hxg6 fxg6
22. Bh6 Rf7 23. f4 Bxg4 24. f5 Bxe2 25. Nxe2 Qxe2 26. Bxg7 Rxg7 27. fxg6 Rxg6
28. Rdg1 Rxg1 29. Rxg1+ Kf7 30. Qf4+ Ke6 31. Qh6+ Kd7 32. Qh3+ Ne6 33. Qxh7 Rf8
34. Qh1 Qe4 35. Qh2 Qxd4 36. Qe2 Qxg1+ 37. Qd1 Qxd1# 0-1

[Event "OBEM 2015"]
[Site "Germany , Bremen"]
[Date "2015.03.30"]
[Round "4.44"]
[White "Kueck, Alexander"]
[Black "Holtermann, Klaas"]
[Result "0-1"]
[WhiteElo "1133"]
[BlackElo "1507"]
[PlyCount "34"]

1. e4 e5 2. Nf3 Nc6 3. d4 exd4 4. Nxd4 Bc5 5. Be3 Qf6 6. c3 Nge7 7. Be2 Qg6 8.
Bf3 Ne5 9. Qe2 O-O 10. Nd2 Nxf3+ 11. Qxf3 c6 12. Nf5 Bd6 13. Nh4 Qe6 14. O-O
Bc7 15. Bd4 Qh6 16. Qg4 d5 17. Nf5 Qxh2# 0-1

[Event "OBEM 2015"]
[Site "Germany , Bremen"]
[Date "2015.03.30"]
[Round "4.46"]
[White "Seliskar, Henryk"]
[Black "Bilek, Thomas"]
[Result "1-0"]
[WhiteElo "1343"]
[BlackElo "1000"]
[PlyCount "31"]

1. c4 d6 2. Nc3 Bf5 3. g3 Nc6 4. Bg2 Nb4 5. d3 c6 6. Qb3 a5 7. a3 a4 8. Qxb4 e6
9. Qxb7 d5 10. Qxc6+ Ke7 11. cxd5 Rc8 12. Qb5 Nf6 13. Qb4+ Ke8 14. Qxa4+ Ke7
15. d6+ Kxd6 16. Qd4+ 1-0

[Event "OBEM 2015"]
[Site "Germany , Bremen"]
[Date "2015.03.30"]
[Round "4.47"]
[White "Zijlstra, Berend"]
[Black "Nagel, Philipp"]
[Result "1-0"]
[WhiteElo "1319"]
[BlackElo "1000"]
[PlyCount "43"]

1. e4 d5 2. exd5 Qxd5 3. Nf3 Qh5 4. Be2 Bg4 5. h3 Bxf3 6. Bxf3 Qe5+ 7. Qe2 f6
8. Qxe5 fxe5 9. Bxb7 e4 10. Bxa8 Nf6 11. O-O e6 12. Nc3 c6 13. Re1 g5 14. Nxe4
Kf7 15. Nxg5+ Ke8 16. Rxe6+ Be7 17. Bxc6+ Nxc6 18. Rxc6 Nd5 19. Rc8+ Kd7 20.
Rxh8 Bxg5 21. Rxh7+ Ne7 22. d4 1-0

[Event "OBEM 2015"]
[Site "Germany , Bremen"]
[Date "2015.03.30"]
[Round "4.48"]
[White "Bilek, Sadat"]
[Black "Vaske, Philipp"]
[Result "0-1"]
[WhiteElo "1000"]
[BlackElo "947"]
[PlyCount "42"]

1. d4 d5 2. Nc3 Nf6 3. Bg5 Nc6 4. e3 e6 5. Qd2 Be7 6. O-O-O Ne4 7. Nxe4 dxe4 8.
Bf4 Bb4 9. Qe2 f6 10. Qg4 Qe7 11. Bc4 e5 12. Bg3 Bxg4 13. Bb5 Bxd1 14. Bxc6+
bxc6 15. Kxd1 exd4 16. exd4 O-O 17. c3 Bd6 18. Nh3 Bxg3 19. fxg3 Rfe8 20. Re1
e3 21. c4 Qb4 0-1